00733cam a22002291 4500001001300000003000400013005001700017008004100034010001700075035002000092040001900112042001200131050002400143060002500167100002900192245008700221260004400308300003100352440005100383500003000434504003900464agr32001054 DLC20260227110952.0811121s1932 xx a 000 0 ger  aagr32001054  a(OCoLC)14730719 aDLCcDNLMdDLC apremarc00aQH431b.H25 bd. 3 D0 aQH 431bH236 Bd.3, D1 aBaur, Erwin,d1875-1933.10aKonsequenzen der vererbungslehre für die pflanzenzüchtung,cvon Erwin Baur ... aBerlin,bGebrüder Borntraeger,c1932. a1 p. l., 30 p., 1 l.bill. 0aHandbuch der vererbungswissenschaft,vBd. 3, D aIssued as lfg. 16 [pt. 1] a"Literatur": leaf following p. 30.